Random Hoofdsteden #2 - Statistieken

Algemene statistieken
  • Deze quiz is 19 keer genomen
  • De gemiddelde score is 7 van 10
Antwoordstatistieken
Antwoord % Correct
Duitsland Berlijn
100%
Chili Santiago
100%
Egypte Cairo
94%
Zweden Stockholm
94%
Cyprus Nicosia
75%
Bahamas Nassau
69%
Oosst-Timor Dili
63%
Fiji Suva
56%
Mozambique Maputo
44%
Turkmenistan Ashgabat
31%
Geen overeenkomende quizzen gevonden
Scoreverdeling
Procent van Mensen met Elke Score
Percentiel versus Aantal Correcte Antwoorden
Uw Scoregeschiedenis
U heeft deze quiz nog niet genomen